Municipalities of South Carolina Counties- Aiken - Statistics

General Stats
  • This quiz has been taken 19 times
  • The average score is 5 of 10
Answer Stats
Population (2020) Municipality % Correct
32,025 Aiken
100%
24,379 North Augusta
73%
2,210 New Ellenton
60%
1,521 Jackson
47%
205 Monetta
47%
329 Salley
47%
631 Wagener
47%
115 Windsor
47%
3,105 Burnettown
40%
194 Perry
40%
No matching quizzes found
Score Distribution
Percent of People with Each Score
Percentile by Number Answered
Your Score History
You have not taken this quiz